Expert determination and arbitration (Record no. 66453)
[ view plain ]
| 000 -LEADER | |
|---|---|
| fixed length control field | 01302cam a2200217 4500 |
| 001 - CONTROL NUMBER | |
| control field | ABS63680 |
| 008 - FIXED-LENGTH DATA ELEMENTS--GENERAL INFORMATION | |
| fixed length control field | 000000n2001 000 0 eng u |
| 035 ## - SYSTEM CONTROL NUMBER | |
| System control number | (Sirsi) u111513 |
| 100 ## - MAIN ENTRY--PERSONAL NAME | |
| Personal name | Jones, D. |
| 245 ## - TITLE STATEMENT | |
| Title | Expert determination and arbitration |
| 260 ## - PUBLICATION, DISTRIBUTION, ETC. | |
| Date of publication, distribution, etc. | 2001 |
| 490 ## - SERIES STATEMENT | |
| Series statement | Arbitration |
| Volume/sequential designation | 67(1) February 2001, 17-29(13) |
| 520 ## - SUMMARY, ETC. | |
| Summary, etc. | Examines the use of expert determination as an alternative form of dispute resolution to arbitration. Looks at the manner and extent of its use. Compares expert determination and arbitration, and presents reasons why each is used. Includes a useful summary of procedural/substantive differences. Concludes that it is impossible to find a practical reason for choosing expert determination over arbitration. Despite its illusory advantages of speed, reduced cost and informal procedure, warns that in choosing expert determination parties are forsaking an internationally enforceable award, and an established system of domestic and international laws. |
| 590 ## - LOCAL NOTE (RLIN) | |
| Local note | ABS |
| 650 ## - SUBJECT ADDED ENTRY--TOPICAL TERM | |
| Topical term or geographic name entry element | EXPERT DETERMINATION |
| 650 ## - SUBJECT ADDED ENTRY--TOPICAL TERM | |
| Topical term or geographic name entry element | MANAGEMENT-DISPUTE AVOIDANCE, MANAGEMENT AND RESOLUTION-DISPUTE MANAGEMENT AND RESOLUTION-ARBITRATION |
| 650 ## - SUBJECT ADDED ENTRY--TOPICAL TERM | |
| Topical term or geographic name entry element | ALTERNATIVE DISPUTE RESOLUTION |
| 650 ## - SUBJECT ADDED ENTRY--TOPICAL TERM | |
| Topical term or geographic name entry element | COMPARISON |
| 690 ## - LOCAL SUBJECT ADDED ENTRY--TOPICAL TERM (OCLC, RLIN) | |
| Topical term or geographic name as entry element | Dispute resolution |
| 9 (RLIN) | 6236 |
| 942 ## - ADDED ENTRY ELEMENTS (KOHA) | |
| Suppress in OPAC | 0 |
| Withdrawn status | Lost status | Source of classification or shelving scheme | Damaged status | Not for loan | Home library | Current library | Shelving location | Date acquired | Total Checkouts | Full call number | Barcode | Date last seen | Copy number | Price effective from | Koha item type |
|---|---|---|---|---|---|---|---|---|---|---|---|---|---|---|---|
| Dewey Decimal Classification | London | London | Journal article | 20/03/2001 | ABS63680 | 111513-1001 | 06/08/2019 | 1 | 06/08/2019 | Journal article |